01433nab a2200361 a 450000100060000000300080000600500170001400600190003100700150005000800410006502200140010603500210012004000260014105000210016708000100018808200150019810000270021322200570024024502440029726000510054130000100059231000150060236200250061753301640064265000430080665000350084965500320088470000300091670000280094671000190097485600610099399900170105433421FlNmELB20241216220824.0m o d | cr cn|||||||||201106r2006 ck |||||s|||||||||||spa d a0120-4157 a(OCoLC)955418026 aFlNmELBbspacFlNmELB 4aRA773bR436 2006 a613.204a613.282221 aRestrepo, Berta Nelly. 0aBiomédica. Revista del Instituto Nacional de Salud10aEstado nutricional de niños y niñas indígenas de hasta seis años de edad en el resguardo Embera-Katío, Tierralta, Córdoba, Colombiah[recurso electronico] /cBerta Nelly Restrepo, María Teresa Restrepo, Juan Camilo Beltrán. aBogotá (Colombia) :bRed Biomédica,c2006. a13 p. aTrimestral0 aVol. 26, No 4(2006)- aRecurso electrónico. Santa Fe, Arg.: e-libro, 2015. Disponible vía World Wide Web. El acceso puede estar limitado para las bibliotecas afiliadas a e-libro. 4aMedicina.xEnfermería.xNutrición. 4aMedical.xNursing.xNutrition. 4aArtículos electrónicos.1 aRestrepo, María Teresa.1 aBeltrán, Juan Camilo.2 ae-libro, Corp.40uhttps://elibro.net/ereader/politecnicointernacional/5386 c33421d33421